भारत कोकिला सरोजिनी नायडू / (Record no. 165772)
[ view plain ]
| 000 -LEADER | |
|---|---|
| fixed length control field | 00780nam a22002057a 4500 |
| 005 - DATE AND TIME OF LATEST TRANSACTION | |
| control field | 20190629123418.0 |
| 010 ## - LCCN (DPL NO) | |
| LC control number | HIN-116387 |
| 020 ## - INTERNATIONAL STANDARD BOOK NUMBER | |
| Terms of availability | 350.00 |
| International Standard Book Number | 9788190310895 |
| 035 ## - SYSTEM CONTROL NUMBER | |
| System control number | HN-88733 |
| 037 ## - SOURCE OF ACQUISITION | |
| Source of stock number/acquisition | DBAD/PUB |
| 082 ## - DEWEY DECIMAL CLASSIFICATION NUMBER | |
| Classification number | 921 |
| 100 ## - MAIN ENTRY--PERSONAL NAME | |
| Personal name | सिंह,सुधा |
| 245 ## - TITLE STATEMENT | |
| Title | भारत कोकिला सरोजिनी नायडू / |
| Statement of responsibility, etc | सुधा सिंह |
| 246 ## - VARYING FORM OF TITLE | |
| Title proper/short title | Sarojini Naydu / |
| 260 ## - PUBLICATION, DISTRIBUTION, ETC. (IMPRINT) | |
| Place of publication, distribution, etc | नई दिल्ली |
| Name of publisher, distributor, etc | सन फ्लावर बुक्स |
| Date of publication, distribution, etc | 2018 |
| 270 ## - ADDRESS | |
| City | नई दिल्ली |
| Address | 4760-61,23,्अंसारी रोड,दरियागंज, |
| Postal code | 110002 |
| 300 ## - PHYSICAL DESCRIPTION | |
| Extent | 136पृ. |
| Dimensions | 22सेमी.(सजिल्द ) |
| 700 ## - ADDED ENTRY--PERSONAL NAME | |
| 9 (RLIN) | 77990 |
| 942 ## - ADDED ENTRY ELEMENTS (KOHA) | |
| Source of classification or shelving scheme | Dewey Decimal Classification |
| Item type | Hindi Books |
| Classification part | 921 |
| Call number suffix | सिंहसु |
| Withdrawn status | Lost status | Not for loan | Collection code | Home library | Current library | Date acquired | Source of acquisition | Cost, normal purchase price | Full call number | Barcode | Copy number | Cost, replacement price | Koha item type |
|---|---|---|---|---|---|---|---|---|---|---|---|---|---|
| Non-fiction | Bawana | Bawana | 29/06/2019 | DBAD/PUB | 350.00 | 921 सिंहसु | HN-88733 | 1 | 350.00 | Hindi Books |
